[Event "18. Obert Int. Sant Marti 2016 - B"]
[Site "Barcelona ESP"]
[Date "2016.07.17"]
[Round "5.51"]
[White "Tortosa Moros, Joan"]
[Black "Pascual Duran, Pau"]
[Result "0-1"]
[WhiteElo "1719"]
[BlackElo "1480"]
[PlyCount "62"]
[EventDate "2016.07.13"]
[EventType "swiss"]
[EventRounds "9"]
[EventCountry "ESP"]
[SourceTitle "Ajedrez en Madrid"]
[Source "lmi"]
[SourceDate "2016.07.13"]
[SourceVersion "1"]
[SourceVersionDate "2019.06.21"]
[SourceQuality "1"]

1. e4 e6 2. d4 d5 3. Nc3 Nf6 4. Bg5 dxe4 5. Nxe4 Be7 6. Bxf6 gxf6 7. Nf3 f5 8.
Ng3 c5 9. c3 cxd4 10. Nxd4 a6 11. Qa4+ Kf8 12. Rd1 Qc7 13. Be2 Bd7 14. Qb3 Nc6
15. O-O Rg8 16. Qc2 Nxd4 17. Rxd4 Bc6 18. Rdd1 f4 19. Qxh7 fxg3 20. fxg3 Bg5
21. Rxf7+ Qxf7 22. Rf1 Qxf1+ 23. Bxf1 Rd8 24. Qb1 Be3+ 25. Kh1 Rd2 26. Qe1 Rf2
27. c4 Ke8 28. Qb1 Rgf8 29. Qg6+ Ke7 30. Qh7+ R8f7 31. Qh4+ Kd7 0-1

[Event "18. Obert Int. Sant Marti 2016 - B"]
[Site "Barcelona ESP"]
[Date "2016.07.17"]
[Round "5.54"]
[White "Castro Estrella, Joan Gabriel"]
[Black "Berengeno Vierge, Rodolfo"]
[Result "0-1"]
[WhiteElo "1414"]
[BlackElo "1699"]
[PlyCount "88"]
[EventDate "2016.07.13"]
[EventType "swiss"]
[EventRounds "9"]
[EventCountry "ESP"]
[SourceTitle "Ajedrez en Madrid"]
[Source "lmi"]
[SourceDate "2016.07.13"]
[SourceVersion "1"]
[SourceVersionDate "2019.06.21"]
[SourceQuality "1"]

1. b4 e5 2. Bb2 d6 3. e3 g6 4. Nf3 Bg7 5. Be2 Ne7 6. O-O b6 7. d3 O-O 8. e4 f5
9. c4 Bb7 10. Nbd2 Nbc6 11. Qb3 Kh8 12. c5 dxc5 13. Ng5 Nd4 14. Bxd4 exd4 15.
Ne6 Qd6 16. Nxf8 Rxf8 17. exf5 Nxf5 18. bxc5 Qxc5 19. Bf3 Bc8 20. Rac1 Qe7 21.
Rfe1 Qd8 22. Qc4 c5 23. Qd5 Qc7 24. Qc6 Qf4 25. Rcd1 Nh4 26. Qe4 Qf6 27. Re2
Bf5 28. Qf4 g5 29. Qc7 Bxd3 30. Re7 Nf5 31. Rd7 Bb5 32. Rd5 Nh4 33. Qg3 h6 34.
Ne4 Nxf3+ 35. gxf3 Qxf3 36. Qxf3 Rxf3 37. Rd8+ Rf8 38. Rxf8+ Bxf8 39. Kg2 Bc6
40. Kf3 Bd6 41. h3 Bf4 42. Rh1 d3 43. Rd1 d2 44. a3 c4 0-1

[Event "18. Obert Int. Sant Marti 2016 - B"]
[Site "Barcelona ESP"]
[Date "2016.07.17"]
[Round "5.55"]
[White "Cervera Lopez, Miguel"]
[Black "Gonzalez Alonso, Marti"]
[Result "1/2-1/2"]
[WhiteElo "1655"]
[BlackElo "1391"]
[PlyCount "56"]
[EventDate "2016.07.13"]
[EventType "swiss"]
[EventRounds "9"]
[EventCountry "ESP"]
[SourceTitle "Ajedrez en Madrid"]
[Source "lmi"]
[SourceDate "2016.07.13"]
[SourceVersion "1"]
[SourceVersionDate "2019.06.21"]
[SourceQuality "1"]

1. e4 e5 2. Nf3 Nf6 3. Nc3 Nc6 4. d4 exd4 5. Nxd4 Bb4 6. Nxc6 bxc6 7. Bd3 O-O
8. O-O Re8 9. Bg5 h6 10. Bh4 g5 11. Bg3 Bxc3 12. bxc3 Nxe4 13. Qh5 Kg7 14. Bxe4
Rxe4 15. Rae1 Qe7 16. Rxe4 Qxe4 17. f3 Qe3+ 18. Bf2 Qxc3 19. Re1 d6 20. h4 Qf6
21. hxg5 Qxg5 22. Bd4+ Kf8 23. Qh2 Qd2 24. Bf2 Be6 25. f4 Qxc2 26. Qxh6+ Kg8
27. Bd4 Qh7 28. Qg5+ Kf8 1/2-1/2

[Event "18. Obert Int. Sant Marti 2016 - B"]
[Site "Barcelona ESP"]
[Date "2016.07.17"]
[Round "5.56"]
[White "Bernat Mor, Juli"]
[Black "Mas Sayos, Lluis"]
[Result "0-1"]
[WhiteElo "1239"]
[BlackElo "1643"]
[PlyCount "64"]
[EventDate "2016.07.13"]
[EventType "swiss"]
[EventRounds "9"]
[EventCountry "ESP"]
[SourceTitle "Ajedrez en Madrid"]
[Source "lmi"]
[SourceDate "2016.07.13"]
[SourceVersion "1"]
[SourceVersionDate "2019.06.21"]
[SourceQuality "1"]

1. e4 c5 2. d4 cxd4 3. c3 Nf6 4. Qxd4 Nc6 5. Qe3 Qc7 6. h3 g6 7. Nf3 Bg7 8. Bd3
O-O 9. O-O d5 10. exd5 Nxd5 11. Qc5 e6 12. Nbd2 b6 13. Qb5 Bb7 14. Qb3 Rfd8 15.
Qd1 Nxc3 16. bxc3 Rxd3 17. Bb2 Rad8 18. Rc1 Ne5 19. Nd4 Nc4 20. Rc2 Nxd2 21.
Rxd2 Rxd2 22. Qxd2 e5 23. Qe3 exd4 24. cxd4 Qc6 25. f3 Qd5 26. Rd1 b5 27. Qe7
Qd7 28. Qc5 Bd5 29. a3 a5 30. Re1 Bf8 31. Qc3 b4 32. axb4 Bxb4 0-1

[Event "18. Obert Int. Sant Marti 2016 - B"]
[Site "Barcelona ESP"]
[Date "2016.07.17"]
[Round "5.57"]
[White "Febrero Perez, Lluis"]
[Black "Antequera Garcia, Luis"]
[Result "1/2-1/2"]
[WhiteElo "1642"]
[BlackElo "1333"]
[PlyCount "79"]
[EventDate "2016.07.13"]
[EventType "swiss"]
[EventRounds "9"]
[EventCountry "ESP"]
[SourceTitle "Ajedrez en Madrid"]
[Source "lmi"]
[SourceDate "2016.07.13"]
[SourceVersion "1"]
[SourceVersionDate "2019.06.21"]
[SourceQuality "1"]

1. e4 e5 2. Nf3 Nc6 3. d4 d5 4. Nxe5 Nxe5 5. dxe5 dxe4 6. Qxd8+ Kxd8 7. Nc3 Bf5
8. Bg5+ Ne7 9. O-O-O+ Kc8 10. Bc4 h6 11. Bh4 g5 12. Bg3 Bg7 13. h4 Nc6 14. hxg5
Nxe5 15. Bxe5 Bxe5 16. Nd5 Bd6 17. Rh4 b6 18. g4 Bg6 19. gxh6 Kb7 20. g5 c6 21.
Nf6 Rad8 22. Nxe4 Be7 23. Rxd8 Bxd8 24. Bxf7 Bxe4 25. Rxe4 Bxg5+ 26. Kd1 Rxh6
27. b3 Rd6+ 28. Ke1 b5 29. f4 Bf6 30. Ke2 Kb6 31. Re6 Kc7 32. f5 Bb2 33. Rxd6
Kxd6 34. Kd3 a5 35. c4 Ke5 36. Be8 bxc4+ 37. Kxc4 Kxf5 38. Bxc6 Ke5 39. b4 axb4
40. Kxb4 1/2-1/2

[Event "18. Obert Int. Sant Marti 2016 - B"]
[Site "Barcelona ESP"]
[Date "2016.07.17"]
[Round "5.58"]
[White "Ferre Navarro, Joan"]
[Black "Orts Gonzalez, Rafael"]
[Result "1-0"]
[WhiteElo "1591"]
[BlackElo "1191"]
[PlyCount "81"]
[EventDate "2016.07.13"]
[EventType "swiss"]
[EventRounds "9"]
[EventCountry "ESP"]
[SourceTitle "Ajedrez en Madrid"]
[Source "lmi"]
[SourceDate "2016.07.13"]
[SourceVersion "1"]
[SourceVersionDate "2019.06.21"]
[SourceQuality "1"]

1. d4 d5 2. Nf3 Bf5 3. e3 c5 4. Nbd2 c4 5. c3 b5 6. Be2 Nf6 7. O-O Nc6 8. Re1
b4 9. Nh4 Bd7 10. Bf1 Qa5 11. cxb4 Nxb4 12. a3 Nd3 13. Bxd3 cxd3 14. b4 Qc7 15.
Nb3 e5 16. dxe5 Qxe5 17. Nd4 Bd6 18. Nhf3 Qe4 19. Bb2 Rb8 20. Qd2 O-O 21. Red1
Rfc8 22. Qxd3 Qxd3 23. Rxd3 Bb5 24. Nxb5 Rxb5 25. Bxf6 gxf6 26. Rad1 Kg7 27. g3
Rb7 28. Rxd5 Bb8 29. Nh4 Be5 30. Rd7 Rcb8 31. Rxb7 Rxb7 32. Nf5+ Kg6 33. Nd4
Rd7 34. Kf1 Kh5 35. h4 f5 36. Ke2 Kg4 37. Nc6 Rxd1 38. Nxe5+ Kh5 39. Kxd1 f6
40. Nc6 Kg4 41. Ke2 1-0

[Event "18. Obert Int. Sant Marti 2016 - B"]
[Site "Barcelona ESP"]
[Date "2016.07.17"]
[Round "5.59"]
[White "Martinez Navarro, Miquel"]
[Black "Minko, Aleksandr"]
[Result "1-0"]
[WhiteElo "1587"]
[BlackElo "1145"]
[PlyCount "51"]
[EventDate "2016.07.13"]
[EventType "swiss"]
[EventRounds "9"]
[EventCountry "ESP"]
[SourceTitle "Ajedrez en Madrid"]
[Source "lmi"]
[SourceDate "2016.07.13"]
[SourceVersion "1"]
[SourceVersionDate "2019.06.21"]
[SourceQuality "1"]

1. e4 e5 2. Nf3 Nc6 3. Bc4 Bc5 4. d3 Nf6 5. a3 h6 6. b4 Bd4 7. c3 Bb6 8. a4 a5
9. b5 Ne7 10. Nxe5 O-O 11. O-O d5 12. exd5 Nexd5 13. Nf3 Bg4 14. h3 Bf5 15. Bd2
Re8 16. Na3 Ne7 17. Be3 Bxe3 18. fxe3 c6 19. Nc2 Nh5 20. Ne5 Rf8 21. Qxh5 Qb6
22. Rxf5 g6 23. Nxg6 Nxg6 24. Qxg6+ Kh8 25. Qxh6+ Kg8 26. Rg5# 1-0

[Event "18. Obert Int. Sant Marti 2016 - B"]
[Site "Barcelona ESP"]
[Date "2016.07.17"]
[Round "5.60"]
[White "Perez Ramirez, Placido"]
[Black "Santolaria Sanz, Xavier"]
[Result "0-1"]
[WhiteElo "1211"]
[BlackElo "1607"]
[PlyCount "66"]
[EventDate "2016.07.13"]
[EventType "swiss"]
[EventRounds "9"]
[EventCountry "ESP"]
[SourceTitle "Ajedrez en Madrid"]
[Source "lmi"]
[SourceDate "2016.07.13"]
[SourceVersion "1"]
[SourceVersionDate "2019.06.21"]
[SourceQuality "1"]

1. e4 Nf6 2. e5 Nd5 3. d4 d6 4. Nf3 Nc6 5. Bc4 Nb6 6. Bb3 dxe5 7. d5 Na5 8. Nc3
Nxb3 9. axb3 Bg4 10. Qd3 Bxf3 11. Qxf3 a6 12. Be3 g6 13. Rd1 Bg7 14. O-O Nd7
15. Ne4 O-O 16. c4 Nf6 17. Nxf6+ Bxf6 18. Qe4 Bg7 19. Rd2 f5 20. Qc2 f4 21. Bc5
f3 22. g4 e6 23. Bxf8 Qh4 24. Qe4 Qh3 25. Qxf3 Qxf3 26. Bxg7 Qxg4+ 27. Kh1 Kxg7
28. dxe6 Qxe6 29. Rfd1 Rf8 30. h4 Rf4 31. Kg2 Qg4+ 32. Kf1 Qh3+ 33. Ke2 Re4#
0-1

[Event "18. Obert Int. Sant Marti 2016 - B"]
[Site "Barcelona ESP"]
[Date "2016.07.18"]
[Round "6.1"]
[White "Perez Garcia, Jose Miguel"]
[Black "Cardenas, Fernando Adrian"]
[Result "1/2-1/2"]
[WhiteElo "1904"]
[BlackElo "1943"]
[PlyCount "42"]
[EventDate "2016.07.13"]
[EventType "swiss"]
[EventRounds "9"]
[EventCountry "ESP"]
[SourceTitle "Ajedrez en Madrid"]
[Source "lmi"]
[SourceDate "2016.07.13"]
[SourceVersion "1"]
[SourceVersionDate "2019.06.21"]
[SourceQuality "1"]

1. d4 d5 2. Nf3 Nf6 3. c4 e6 4. e3 c6 5. Nbd2 Nbd7 6. Bd3 Be7 7. O-O Qc7 8. e4
dxe4 9. Nxe4 Nxe4 10. Bxe4 Nf6 11. Bc2 b6 12. Re1 Bb7 13. Qe2 O-O 14. b3 Bb4
15. Rd1 c5 16. dxc5 Bxc5 17. h3 Rad8 18. Be3 Bxe3 19. Qxe3 Rxd1+ 20. Rxd1 Bxf3
21. Qxf3 Rd8 1/2-1/2

[Event "18. Obert Int. Sant Marti 2016 - B"]
[Site "Barcelona ESP"]
[Date "2016.07.18"]
[Round "6.3"]
[White "Cervello I Tost, Roger"]
[Black "Garcia Ruiz, Adrian"]
[Result "1/2-1/2"]
[WhiteElo "1910"]
[BlackElo "1884"]
[PlyCount "43"]
[EventDate "2016.07.13"]
[EventType "swiss"]
[EventRounds "9"]
[EventCountry "ESP"]
[SourceTitle "Ajedrez en Madrid"]
[Source "lmi"]
[SourceDate "2016.07.13"]
[SourceVersion "1"]
[SourceVersionDate "2019.06.21"]
[SourceQuality "1"]

1. e4 e6 2. d4 d5 3. Nc3 Nf6 4. e5 Nfd7 5. f4 c5 6. Nf3 Nc6 7. Be3 cxd4 8. Nxd4
Qb6 9. Bb5 a6 10. Bxc6 bxc6 11. Na4 Qa5+ 12. c3 c5 13. Nf3 Bb7 14. b3 Bc6 15.
Qc2 Bxa4 16. bxa4 Nb6 17. O-O Qxa4 18. Qd3 Be7 19. f5 Nc4 20. Bf2 Rb8 21. Bg3
Rb2 22. Rfb1 1/2-1/2

[Event "18. Obert Int. Sant Marti 2016 - B"]
[Site "Barcelona ESP"]
[Date "2016.07.18"]
[Round "6.4"]
[White "Martos Amiguet, Valentina"]
[Black "Esteban Lupianez, Jose Miguel"]
[Result "1-0"]
[WhiteElo "1312"]
[BlackElo "1715"]
[PlyCount "43"]
[EventDate "2016.07.13"]
[EventType "swiss"]
[EventRounds "9"]
[EventCountry "ESP"]
[SourceTitle "Ajedrez en Madrid"]
[Source "lmi"]
[SourceDate "2016.07.13"]
[SourceVersion "1"]
[SourceVersionDate "2019.06.21"]
[SourceQuality "1"]

1. e4 c5 2. d4 cxd4 3. c3 dxc3 4. Nxc3 Nc6 5. Nf3 g6 6. Bc4 Bg7 7. O-O e6 8.
Re1 a6 9. Nd5 Nce7 10. Bf4 exd5 11. exd5 d6 12. Qb3 b5 13. Bf1 Ra7 14. Qb4 Rd7
15. Nd4 Nf6 16. Nc6 Nfxd5 17. Qd2 Qb6 18. Qxd5 Bb7 19. Rac1 Kf8 20. Bxd6 Bxc6
21. Rxc6 Qb8 22. Bxe7+ 1-0

[Event "18. Obert Int. Sant Marti 2016 - B"]
[Site "Barcelona ESP"]
[Date "2016.07.18"]
[Round "6.5"]
[White "Hinarejos Montano, Andres"]
[Black "Cano Vila, Eduard"]
[Result "1-0"]
[WhiteElo "1620"]
[BlackElo "1353"]
[PlyCount "127"]
[EventDate "2016.07.13"]
[EventType "swiss"]
[EventRounds "9"]
[EventCountry "ESP"]
[SourceTitle "Ajedrez en Madrid"]
[Source "lmi"]
[SourceDate "2016.07.13"]
[SourceVersion "1"]
[SourceVersionDate "2019.06.21"]
[SourceQuality "1"]

1. d4 Nf6 2. Nf3 g6 3. e3 Bg7 4. Be2 d6 5. O-O O-O 6. c4 c5 7. d5 e6 8. Nc3 Re8
9. h3 Na6 10. a3 Nc7 11. e4 a6 12. Rb1 exd5 13. exd5 Bf5 14. Bd3 Ne4 15. Ne2 b5
16. b3 Rb8 17. Bb2 Bxb2 18. Rxb2 bxc4 19. Bxc4 Qf6 20. Qc1 Bxh3 21. Ng3 Nxg3
22. fxg3 Bg4 23. Nh2 Qd4+ 24. Rbf2 Bf5 25. Qf4 Re4 26. Qxd6 Rc8 27. Kh1 Re6 28.
Qf4 Qxf4 29. Rxf4 Rd6 30. g4 Bd7 31. Rxf7 Nxd5 32. R7f6 Rcc6 33. Rf7 Be6 34.
Ra7 Rb6 35. Re1 Nf4 36. g3 Nd5 37. Nf3 Nf6 38. Ng5 Bxc4 39. bxc4 Rd8 40. Rc7 h6
41. Nf3 Nxg4 42. Re2 Rb3 43. Kg2 Ne3+ 44. Kh3 Rxa3 45. Rxc5 Nxc4 46. Rxc4 Rxf3
47. Re7 Rf7 48. Re6 Kg7 49. Rxa6 g5 50. Rcc6 Kg8 51. Rxh6 Rh7 52. Rxh7 Kxh7 53.
Kg4 Rd5 54. Kh5 g4+ 55. Kxg4 Rd4+ 56. Kh5 Rd5+ 57. Kh4 Rd4+ 58. g4 Kg7 59. Kh5
Rd5+ 60. g5 Rb5 61. Ra7+ Kg8 62. Kh6 Rb6+ 63. g6 Kf8 64. Kh7 1-0

[Event "18. Obert Int. Sant Marti 2016 - B"]
[Site "Barcelona ESP"]
[Date "2016.07.18"]
[Round "6.6"]
[White "Palacios Pena, Gerardo"]
[Black "Ritter Aguilar, Jordi"]
[Result "1/2-1/2"]
[WhiteElo "1903"]
[BlackElo "1868"]
[PlyCount "68"]
[EventDate "2016.07.13"]
[EventType "swiss"]
[EventRounds "9"]
[EventCountry "ESP"]
[SourceTitle "Ajedrez en Madrid"]
[Source "lmi"]
[SourceDate "2016.07.13"]
[SourceVersion "1"]
[SourceVersionDate "2019.06.21"]
[SourceQuality "1"]

1. d4 e6 2. Nf3 c5 3. c3 cxd4 4. cxd4 g6 5. Nc3 Bg7 6. e3 d6 7. Be2 Ne7 8. O-O
a6 9. b3 b5 10. a4 b4 11. Nb1 O-O 12. Bb2 Bb7 13. Nbd2 Nd7 14. Rc1 Nb6 15. Nc4
Rc8 16. Qd2 Nxc4 17. Bxc4 a5 18. Be2 Bd5 19. Qd3 Bxf3 20. Bxf3 d5 21. Be2 Nf5
22. Qa6 Ra8 23. Qc6 Qg5 24. Qc2 Rac8 25. Qd2 Nd6 26. Bd3 f5 27. f4 Qe7 28. Rxc8
Rxc8 29. Rc1 Qb7 30. Rc2 Rxc2 31. Qxc2 Qc8 32. Kf2 Kf7 33. Ke2 Ke7 34. Kd2 Kd7
1/2-1/2

[Event "18. Obert Int. Sant Marti 2016 - B"]
[Site "Barcelona ESP"]
[Date "2016.07.18"]
[Round "6.7"]
[White "Minko, Dmitry"]
[Black "Fernandez Egea, Andres"]
[Result "1-0"]
[WhiteElo "1884"]
[BlackElo "1886"]
[PlyCount "99"]
[EventDate "2016.07.13"]
[EventType "swiss"]
[EventRounds "9"]
[EventCountry "ESP"]
[SourceTitle "Ajedrez en Madrid"]
[Source "lmi"]
[SourceDate "2016.07.13"]
[SourceVersion "1"]
[SourceVersionDate "2019.06.21"]
[SourceQuality "1"]

1. e4 e5 2. Nf3 Nc6 3. d4 exd4 4. Nxd4 Bb4+ 5. Nc3 Nf6 6. Nxc6 bxc6 7. Bd3 d5
8. exd5 cxd5 9. O-O O-O 10. Bg5 h6 11. Bxf6 Qxf6 12. Nxd5 Qd6 13. Nxb4 Qxb4 14.
b3 Bb7 15. Re1 Rad8 16. Qe2 Rd4 17. Qe7 Qb6 18. Re3 g6 19. Rae1 Rf4 20. Qe5 Rf6
21. Qb5 c6 22. Qxb6 axb6 23. Re7 Ba8 24. f3 c5 25. Rd7 Bc6 26. Rc7 Rd8 27. Ree7
Be8 28. a4 Kf8 29. Kf2 Rdd6 30. Ra7 g5 31. Rec7 Bc6 32. h3 h5 33. Kg1 Rd4 34.
a5 b5 35. Rc8+ Kg7 36. Rac7 c4 37. Bxc4 bxc4 38. Rxc6 g4 39. Rxf6 g3 40. Kf1
Kxf6 41. Rxc4 Rd1+ 42. Ke2 Rg1 43. f4 Rxg2+ 44. Kf3 Rg1 45. h4 g2 46. Ra4 Rc1
47. Kxg2 Rxc2+ 48. Kf1 Rc1+ 49. Ke2 Rc3 50. a6 1-0

[Event "18. Obert Int. Sant Marti 2016 - B"]
[Site "Barcelona ESP"]
[Date "2016.07.18"]
[Round "6.8"]
[White "Cano Sevila, Ivan"]
[Black "Ramal Mata, Rodrigo"]
[Result "1-0"]
[WhiteElo "1853"]
[BlackElo "1948"]
[PlyCount "91"]
[EventDate "2016.07.13"]
[EventType "swiss"]
[EventRounds "9"]
[EventCountry "ESP"]
[SourceTitle "Ajedrez en Madrid"]
[Source "lmi"]
[SourceDate "2016.07.13"]
[SourceVersion "1"]
[SourceVersionDate "2019.06.21"]
[SourceQuality "1"]

1. d4 Nf6 2. Bf4 d6 3. e3 g6 4. h3 Bg7 5. Nf3 O-O 6. Be2 Nfd7 7. c3 e5 8. dxe5
dxe5 9. Bg3 a6 10. a4 Nc6 11. O-O f5 12. Bh4 Bf6 13. Bxf6 Qxf6 14. Nbd2 b6 15.
Nc4 Ne7 16. Qc2 Bb7 17. Rad1 Rad8 18. Rd2 e4 19. Nd4 Nd5 20. Rfd1 Nc5 21. b4
Nxa4 22. Qxa4 Nxc3 23. Qc2 Nxd1 24. Rxd1 f4 25. Bf1 fxe3 26. Nxe3 Rxd4 27. Ng4
Qg7 28. Rxd4 Qxd4 29. Qxc7 Bd5 30. Qd6 Rf5 31. Nh6+ Kg7 32. Nxf5+ gxf5 33. Bxa6
Qa1+ 34. Kh2 Qxa6 35. Qxd5 Qd3 36. Qb7+ Kf6 37. Qxb6+ Ke5 38. Qc5+ Kf6 39. g3
h5 40. h4 Qb1 41. b5 e3 42. Qxe3 Qxb5 43. Qh6+ Ke5 44. Qxh5 Qd3 45. g4 Qe2 46.
Qe8+ 1-0

[Event "18. Obert Int. Sant Marti 2016 - B"]
[Site "Barcelona ESP"]
[Date "2016.07.18"]
[Round "6.9"]
[White "Parayre Soguero, Jordi"]
[Black "Khudov, Oleksandr"]
[Result "0-1"]
[WhiteElo "1918"]
[BlackElo "1847"]
[PlyCount "116"]
[EventDate "2016.07.13"]
[EventType "swiss"]
[EventRounds "9"]
[EventCountry "ESP"]
[SourceTitle "Ajedrez en Madrid"]
[Source "lmi"]
[SourceDate "2016.07.13"]
[SourceVersion "1"]
[SourceVersionDate "2019.06.21"]
[SourceQuality "1"]

1. d4 e6 2. Nf3 f5 3. Bf4 d5 4. e3 c6 5. Bd3 Nf6 6. Nbd2 Bd6 7. O-O O-O 8. Bxd6
Qxd6 9. Ne5 Nbd7 10. f4 Ne4 11. c3 Nxe5 12. fxe5 Qe7 13. Bxe4 fxe4 14. Rxf8+
Qxf8 15. Qh5 b6 16. Rf1 Qe7 17. Rf4 Ba6 18. Rh4 h6 19. Rf4 Rf8 20. g3 Rxf4 21.
gxf4 Qf7 22. Qxf7+ Kxf7 23. Kf2 Bd3 24. b4 Ke7 25. a4 Bc2 26. a5 bxa5 27. bxa5
Kd7 28. Nf1 g6 29. Ke1 Kc7 30. Ng3 Bd3 31. h4 h5 32. Nh1 c5 33. Nf2 Bb5 34. Nh3
Bd7 35. Ng5 cxd4 36. cxd4 Kb7 37. Nh7 Be8 38. Nf8 Bf7 39. Kd2 Ka6 40. Kc3 Kxa5
41. Kb3 Kb5 42. Nd7 a5 43. Nc5 Bg8 44. Na4 Bf7 45. Nc5 Kb6 46. Ka4 Be8+ 47. Kb3
Kb5 48. Nxe6 a4+ 49. Ka3 Kc4 50. Nc7 Bc6 51. e6 Kd3 52. e7 Kxe3 53. Nxd5+ Kxd4
54. Nb4 Be8 55. Nc2+ Kd3 56. Nb4+ Kd2 57. Nd5 e3 58. Nf6 e2 0-1

[Event "18. Obert Int. Sant Marti 2016 - B"]
[Site "Barcelona ESP"]
[Date "2016.07.18"]
[Round "6.10"]
[White "Elizondo Marquet, Juan Marcos"]
[Black "Riera Danes, Manel"]
[Result "1-0"]
[WhiteElo "1870"]
[BlackElo "1916"]
[PlyCount "111"]
[EventDate "2016.07.13"]
[EventType "swiss"]
[EventRounds "9"]
[EventCountry "ESP"]
[SourceTitle "Ajedrez en Madrid"]
[Source "lmi"]
[SourceDate "2016.07.13"]
[SourceVersion "1"]
[SourceVersionDate "2019.06.21"]
[SourceQuality "1"]

1. e4 c5 2. Nf3 Nc6 3. Nc3 g6 4. d4 cxd4 5. Nxd4 Bg7 6. Nf3 d6 7. Bc4 Nf6 8. h3
O-O 9. O-O a6 10. Re1 b5 11. Bb3 Bb7 12. Bg5 Na5 13. Qd2 Nxb3 14. axb3 Rc8 15.
Nd5 Re8 16. Bxf6 exf6 17. c3 Ra8 18. Rad1 Bc6 19. Qf4 Ra7 20. Nb4 Ba8 21. Rxd6
Qb8 22. Qd2 Rae7 23. Nxa6 Qc8 24. b4 Bxe4 25. Nc5 f5 26. Nxe4 fxe4 27. Ng5 Qc7
28. h4 h6 29. Nh3 Be5 30. Rd5 Kg7 31. Rxb5 f5 32. Rc5 Qb8 33. h5 g5 34. Rc6
Bh2+ 35. Kh1 Bf4 36. Nxf4 gxf4 37. Qd4+ Qe5 38. Rg6+ Kh7 39. Qb6 Re6 40. Rxe6
Rxe6 41. Qa5 e3 42. Qxe5 Rxe5 43. fxe3 fxe3 44. g3 Kg7 45. Kg2 Rd5 46. Rxe3
Rd2+ 47. Kf3 Rxb2 48. Kf4 Kf6 49. Rd3 Rf2+ 50. Ke3 Rc2 51. Kd4 Kg5 52. b5 Kxh5
53. Kc5 Kg5 54. b6 Kf6 55. b7 Rb2 56. Kc6 1-0

[Event "18. Obert Int. Sant Marti 2016 - B"]
[Site "Barcelona ESP"]
[Date "2016.07.18"]
[Round "6.12"]
[White "Molina Hernandez, Albert"]
[Black "Lleyda Naval, Justo"]
[Result "0-1"]
[WhiteElo "1908"]
[BlackElo "1818"]
[PlyCount "54"]
[EventDate "2016.07.13"]
[EventType "swiss"]
[EventRounds "9"]
[EventCountry "ESP"]
[SourceTitle "Ajedrez en Madrid"]
[Source "lmi"]
[SourceDate "2016.07.13"]
[SourceVersion "1"]
[SourceVersionDate "2019.06.21"]
[SourceQuality "1"]

1. e4 e5 2. Nf3 Nf6 3. Nxe5 d6 4. Nf3 Nxe4 5. d4 d5 6. Nc3 Bb4 7. Qd3 O-O 8.
Be2 Bf5 9. Qb5 Bxc3+ 10. bxc3 Nxc3 11. Qxb7 Nd7 12. Qc6 Nxe2 13. Kxe2 Nb6 14.
Re1 Nc4 15. Ne5 Re8 16. Kd1 Nxe5 17. Rxe5 Rxe5 18. dxe5 d4 19. Qf3 Bg6 20. Bd2
Rb8 21. Kc1 d3 22. cxd3 Bxd3 23. Bc3 Bg6 24. Qd1 Qg5+ 25. Qd2 Qxg2 26. Qd4 Qg5+
27. Kd1 Rd8 0-1

[Event "18. Obert Int. Sant Marti 2016 - B"]
[Site "Barcelona ESP"]
[Date "2016.07.18"]
[Round "6.13"]
[White "Ramos Alvarez, Maximo"]
[Black "Costa Trave, Jaume"]
[Result "1/2-1/2"]
[WhiteElo "1843"]
[BlackElo "1902"]
[PlyCount "95"]
[EventDate "2016.07.13"]
[EventType "swiss"]
[EventRounds "9"]
[EventCountry "ESP"]
[SourceTitle "Ajedrez en Madrid"]
[Source "lmi"]
[SourceDate "2016.07.13"]
[SourceVersion "1"]
[SourceVersionDate "2019.06.21"]
[SourceQuality "1"]

1. e4 e6 2. d4 d5 3. Nc3 dxe4 4. Nxe4 Bd7 5. Nf3 Bc6 6. Bd3 Nd7 7. O-O Ngf6 8.
Nxf6+ gxf6 9. Re1 Bg7 10. c3 Nf8 11. b4 Ng6 12. b5 Bd5 13. Ba3 Ne7 14. Nh4 b6
15. c4 Bb7 16. d5 e5 17. Qg4 Bf8 18. f4 Qd7 19. Qxd7+ Kxd7 20. fxe5 fxe5 21.
Rxe5 Ng6 22. Bf5+ Kd8 23. Nxg6 fxg6 24. Bxf8 Rxf8 25. Bh3 a6 26. a4 axb5 27.
cxb5 Re8 28. Rxe8+ Kxe8 29. Rc1 Rxa4 30. Rxc7 Bxd5 31. Rxh7 Rb4 32. Rg7 Bf7 33.
Bd7+ Kxd7 34. Rxf7+ Ke6 35. Rc7 Rxb5 36. Rc6+ Kf5 37. g4+ Kg5 38. Kf2 Rb3 39.
Kg2 b5 40. h4+ Kxg4 41. Rxg6+ Kxh4 42. Kf2 b4 43. Ke2 Rb1 44. Rb6 Kg4 45. Kd3
Kf4 46. Kc4 Ke4 47. Rxb4 Rxb4+ 48. Kxb4 1/2-1/2

[Event "18. Obert Int. Sant Marti 2016 - B"]
[Site "Barcelona ESP"]
[Date "2016.07.18"]
[Round "6.14"]
[White "Ayza Casamitjana, Antoni"]
[Black "Flores Mendoza, Jose Antonio"]
[Result "0-1"]
[WhiteElo "1818"]
[BlackElo "1877"]
[PlyCount "84"]
[EventDate "2016.07.13"]
[EventType "swiss"]
[EventRounds "9"]
[EventCountry "ESP"]
[SourceTitle "Ajedrez en Madrid"]
[Source "lmi"]
[SourceDate "2016.07.13"]
[SourceVersion "1"]
[SourceVersionDate "2019.06.21"]
[SourceQuality "1"]

1. e4 e6 2. Nf3 c5 3. a3 g6 4. d4 b6 5. Be3 Bg7 6. Nc3 d6 7. Qd2 Qe7 8. Rd1 Nf6
9. Bb5+ Bd7 10. Bxd7+ Nbxd7 11. O-O O-O 12. Bg5 cxd4 13. Nxd4 Ne5 14. f4 Nc4
15. Qc1 Qb7 16. b3 Nxe4 17. Nxe4 Qxe4 18. bxc4 Bxd4+ 19. Kh1 Bc5 20. Bh6 Rfe8
21. Qb2 e5 22. Rde1 Qxc4 23. fxe5 Rxe5 24. Qa1 Rae8 25. Rxe5 Rxe5 26. Rd1 Qxc2
27. h3 Qf5 28. Rf1 Qe6 29. Qc3 g5 30. Qf3 Qxh6 31. Qxf7+ Kh8 32. Qd7 d5 33.
Qd8+ Kg7 34. Qd7+ Be7 35. Rc1 Qe6 36. Qb7 Kg6 37. Qc7 Bd6 38. Qc2+ Qf5 39. Qd2
Qf4 40. Qd3+ Qe4 41. Qd2 Qf4 42. Qc2+ Kh6 0-1

[Event "18. Obert Int. Sant Marti 2016 - B"]
[Site "Barcelona ESP"]
[Date "2016.07.18"]
[Round "6.15"]
[White "Ji, Pablo"]
[Black "Andreu Termes, Frederic"]
[Result "1-0"]
[WhiteElo "1606"]
[BlackElo "1870"]
[PlyCount "80"]
[EventDate "2016.07.13"]
[EventType "swiss"]
[EventRounds "9"]
[EventCountry "ESP"]
[SourceTitle "Ajedrez en Madrid"]
[Source "lmi"]
[SourceDate "2016.07.13"]
[SourceVersion "1"]
[SourceVersionDate "2019.06.21"]
[SourceQuality "1"]

1. e4 e6 2. Nf3 d5 3. exd5 exd5 4. d4 Bd6 5. Be3 Bg4 6. Be2 Nc6 7. h3 Bh5 8.
O-O Nge7 9. Nbd2 Nf5 10. c4 Nxe3 11. fxe3 Qe7 12. Kh1 dxc4 13. Bxc4 O-O-O 14.
Qe1 f6 15. Rc1 Bf7 16. a3 Bxc4 17. Nxc4 Rhe8 18. Nxd6+ Rxd6 19. Rc3 Qe4 20. Qc1
Rd7 21. Nd2 Qe6 22. Nb3 Rde7 23. Nc5 Qd6 24. b4 g5 25. b5 Na5 26. Qd2 Qd5 27.
e4 Qd6 28. Qf2 b6 29. Qf5+ Kd8 30. Na6 Qxd4 31. e5 Rd7 32. Qxf6+ Kc8 33. Rfc1
Qxe5 34. Rxc7+ Rxc7 35. Rxc7+ Qxc7 36. Nxc7 Kxc7 37. Qf7+ Kd8 38. Qxa7 Re6 39.
Qxh7 Nc4 40. Qg8+ Kd7 1-0